Zürich Linie 31 - Statistiken

Allgemein
  • Dieses Quiz wurde 22 mal gespielt
  • Das Durchschnittsergebnis liegt bei 12 aus 35
Antwortstatistiken
31 % Korrekt
Militär-/Langstrasse
85%
Hermetschloo
62%
Kienastenwies
62%
Sihlpost/HB
62%
Bäckeranlage
54%
Bahnhof Altstetten
54%
Bahnhofplatz/HB
54%
Central
54%
Kreuzplatz
46%
Kunsthaus
46%
Klusplatz
38%
Micafil
38%
Zentrum Witikon
38%
Drusbergstrasse
31%
Freiestrasse
31%
Hegibachplatz
31%
Kanonengasse
31%
Letzipark
31%
Neumarkt
31%
SBB Werkstätte
31%
Schlyfi
31%
Waserstrasse
31%
Berghaldenstrasse
23%
Farbhof
23%
Güterbahnhof
23%
Kapfstrasse
23%
Loorenstrasse
23%
Zweiackerstrasse
23%
Herdernstrasse
15%
Letzibach
15%
Sprecherstrasse
15%
Seidelhof
8%
Hardplatu
0%
Löwenplatu
0%
Signauplatu
0%
Keine übereinstimmenden Quizze gefunden
Verteilung der Resultate
Anzahl Personen mit jedem Resultat
Perzentil nach korrekt beantworteten Fragen
Ihre Resultats-Entwicklung
Sie haben dieses Quiz noch nicht gespielt